Fabulous facts about the 50 states / (Record no. 547)

MARC details
000 -LEADER
fixed length control field 00909nam a2200277 a 4500
005 - DATE AND TIME OF LATEST TRANSACTION
control field 20230616094157.0
020 ## - INTERNATIONAL STANDARD BOOK NUMBER
International Standard Book Number 0590448862
040 ## - CATALOGING SOURCE
Original cataloging agency DLC
Transcribing agency DLC
Language of cataloging eng
Modifying agency FISKH
050 00 - LIBRARY OF CONGRESS CALL NUMBER
Classification number E180
Item number .R67 1997
082 00 - DEWEY DECIMAL CLASSIFICATION NUMBER
Classification number 917.304/929
Edition number 21
100 1# - MAIN ENTRY--PERSONAL NAME
Personal name Ross, Wilma S.
245 10 - TITLE STATEMENT
Title Fabulous facts about the 50 states /
Statement of responsibility, etc. Wilma S. Ross.
246 3# - VARYING FORM OF TITLE
Title proper/short title Fabulous facts about the fifty states
250 ## - EDITION STATEMENT
Edition statement 4th rev. ed.
260 ## - PUBLICATION, DISTRIBUTION, ETC.
Place of publication, distribution, etc. New York :
Name of publisher, distributor, etc. Scholastic,
Date of publication, distribution, etc. 1997.
300 ## - PHYSICAL DESCRIPTION
Extent 224 pages. :
Other physical details illustrations, maps ;
Dimensions 20 cm.
505 ## - FORMATTED CONTENTS NOTE
Formatted contents note S
520 ## - SUMMARY, ETC.
Summary, etc. Presents facts and figures on all 50 states and the District of Columbia. Includes maps, state birds, trees, and flowers.
521 ## - TARGET AUDIENCE NOTE
Target audience note 790 <br/>
Source Lexile
521 ## - TARGET AUDIENCE NOTE
Target audience note S
Source Raz-Plus
650 #0 - SUBJECT ADDED ENTRY--TOPICAL TERM
Topical term or geographic name entry element U.S. states
General subdivision Miscellanea.
906 ## - LOCAL DATA ELEMENT F, LDF (RLIN)
a 7
b cbc
c orignew
d 2
e ncip
f 19
g y-gencatlg
942 ## - ADDED ENTRY ELEMENTS (KOHA)
Source of classification or shelving scheme Dewey Decimal Classification
Koha item type Books
Suppress in OPAC No
999 ## -
-- 547
-- 547
Holdings
Withdrawn status Lost status Source of classification or shelving scheme Damaged status Not for loan Collection Home library Current library Shelving location Date acquired Total Checkouts Full call number Barcode Date last seen Price effective from Koha item type
    Dewey Decimal Classification     Fiction Footprints International School Library Network Toul Kork Campus Footprints International School Library Network Toul Kork Campus A TK Campus, 4th Floor, Room B401, Fiction Bookcases (1-6) 06/16/2023   ROS 917.304 E180 FISTK04954 06/16/2023 06/16/2023 Books